000 00844nam a2200253 a 4500
003 MX-MxUPN
005 20240807063803.0
008 220607t1979 cu a||||rb||| 000 0 spa d
040 _aMX-MxUPN
_bspa
_cMX-MxUPN
041 0 _aspa
050 1 4 _aLB1651 C912
_bP47
100 1 _aPérez Cendón, Manuel
_944667
100 1 _aSilvestre Oramas, Margarita
_943860
100 1 _aRojas Fernández, Julia
_944673
100 1 _aColado González, Hugo
_944671
100 1 _aBreto González, Renato
_944672
245 1 0 _aBiología general 3 :
_b12o grado
260 _aCiudad de La Habana :
_bEditorial Pueblo y Educación,
_c©1979.
300 _a146 páginas :
_bilustraciones.
490 0 _aOrientaciones metodológicas
504 _aIncluye referencias bibliográficas.
650 4 _aBiología
_xEstudio y enseñanza
_94241
942 _2lcc
_cLIBRO
999 _c208545
_d208545